Modern social theory : from Parsons to Habermas /

Detalles Bibliográficos
Autor principal: Craib, Ian
Formato: Libro
Lenguaje:inglés
Publicado: New York St Martin's Press 1992
Materias:
Acceso en línea:

MARC

LEADER 00000cam a2200000 a 4500
001 003220
003 UAHC_CL
005 20170803115918.0
008 050430b1992 j 000 1 eng
020 |a 0312086741 
040 |a UAHC_CL  |c UAHC_CL  |d UAHC_CL 
100 1 |a Craib, Ian 
245 1 0 |a Modern social theory :  |b from Parsons to Habermas /  |c Ian Craib. 
260 |b St Martin's Press  |a New York  |c 1992 
300 |a 262 p. 
521 |a Teoría sociológica II 
650 4 |a FILOSOFIA 
650 4 |a SOCIOLOGIA 
900 |a 301 CRA 
942 |c BK 
952 |0 0  |1 0  |4 0  |6 301_000000000000000_CRA  |7 0  |8 General  |9 7085  |a BC  |b BC  |c General  |d 2017-08-03  |l 0  |o 301 CRA  |p 1348701  |r 2026-01-07 00:00:00  |t 1  |w 2017-08-03  |y BK 
999 |c 3220  |d 3220